00639cam a2200205 a 450000100100000000500170001000800410002702000150006804000180008308200190010110000470012024500630016726000480023030000200027849000190029858600470031765000240036465000260038883000190041400000619620200929151953.0940617s1993 ck 000 p spa  a9586121526 aDO-SdBNPcDLC aC861.44bG633t1 aGómez Campillo, Francisco Javier,d1968-13aLa tiniebla luminosa /cFrancisco Javier Gómez Campillo. aSantafé de Bogotá :bColcultura,c1993. a62 p. ;c21 cm.1 aPoesía Joven aPremios nacionales de poesía joven 1993. 4aPoesía colombiana 4aLiteratura colombiana 0aPoesía Joven